• 首页
  • 本馆介绍
  • 公告通知
  • 最新文献
  • 馆藏检索
  • 电子资源
  • 读者导购
  • 参考咨询
  • 我的图书馆
  • 登录
  • 详细信息显示
  • 放入我的书架
  • 预约/预借图书
  • 作者相关作品
  • 分类相关作品
  • 丛书相关作品
  • 出版社相关作品

书目信息

  • 表格格式
  • 工作单格式
  • 卡片格式
题名:
青年知识手册
    
 
作者: ;河北人民出版社 编
分册:  
出版信息: 石家庄   编者  1984
页数: 774页
开本: 19cm
丛书名:
单 册:
中图分类: Z228 , Z2
科图分类:
主题词: 科学知识--青年读物 , 百科全书
电子资源:
ISBN:
000 00605nam0 2200229 45
001 1559103133
005 20150127162549.96
010    @dCNY2.40
100    @a19960408d1984 em y0chiy0121 ea
101 0  @achi
102    @aCN@b130000
105    @ay z 000yy
200 10 @a青年知识手册@Aqing nian zhi shi shou ce@f河北人民出版社编
210    @a石家庄@c编者@d1984
215    @a774页@d19cm
606    @a科学知识@y青年读物
606 0  @a百科全书
690    @aZ228@v3
690    @aZ2@v4
711 02 @a河北人民出版社@Ahe bei ren min chu ban she@4编
801  0 @aCN@bTSSF@c20150127
905    @aZUCC@dZ2@eJY18
    
    青年知识手册/河北人民出版社编.-石家庄:编者,1984
    774页;19cm
    
    
    ISBN :CNY2.40
    
●
相关链接 在E读中查询图书 在五车中查询图书 在当当中查询图书 在豆瓣中查询图书


正题名:青年知识手册     索取号:Z2/JY18         预约/预借

序号 登录号 条形码 馆藏地/架位号 状态 备注
1 7839010   278390108   学院路分馆/ [索取号:Z2/JY18] 在馆    
2 7839011   278390117   学院路分馆/ [索取号:Z2/JY18] 在馆    
唐山师范学院图书馆 欢迎您!
大连网信软件有限公司© 版权所有